La revolución americana /
Guardado en:
| Autor Principal: | |
|---|---|
| Formato: | |
| Series: | La tradición de Occidente
|
| Materias: | |
| Etiquetas: |
Agregar Etiqueta
Sin Etiquetas, Sea el primero en etiquetar este registro!
|
| LEADER | 01074ngm a22003255g 4500 | ||
|---|---|---|---|
| 001 | CEM.cems022146 | ||
| 008 | 130507b1995##################0###0#####d | ||
| 005 | 20241007164421.0 | ||
| 245 | 1 | 0 | |a La revolución americana / |c Weber. |
| 300 | |a 27'. | ||
| 490 | 0 | |a La tradición de Occidente | |
| 500 | |a En soporte VHS, consultar en ventanilla. | ||
| 505 | 0 | |a Situación de los indígenas. España y las colonias. Situación de Inglaterra. La revolución de EEUU. Apoyo de Francia. La paz de Versalles. Comercio de mercados coloniales. | |
| 538 | |a Soporte: VHS - Norma: Pal N - Color - Grabación DRD 1995 - Hitachi=2514 | ||
| 100 | 1 | |a Weber | |
| 082 | 9 | 0 | |/ REV |
| 653 | |a HISTORIA | ||
| 653 | |a OCCIDENTE | ||
| 653 | |a REVOLUCION AMERICANA | ||
| 653 | |a INDIGENAS | ||
| 653 | |a AMERICA | ||
| 653 | |a EEUU | ||
| 653 | |a FRANCIA | ||
| 653 | |a VERSALLES | ||
| 653 | |a MERCADOS COLONIALES | ||
| 653 | |a ESPAÑA | ||
| 653 | |a COLONIAS | ||
| 653 | |a INGLATERRA | ||
| 653 | |a NIVEL SECUNDARIO | ||
| 859 | |a CEMS |b BIB. CEMS - Depto. Recursos Didacticos |h 904 |i REV |k DRD |p 789.12 |t Ej.1 | ||
